|
|
|
|
| LEADER |
00000nam a22000007a 4500 |
| 008 |
240527b |||||||| |||| 00| 0 eng d |
| 020 |
|
|
|a 9780367350536
|
| 100 |
|
|
|a JOLLEY, Jeremy
|
| 245 |
|
|
|a Introducing research and evidence -based practice for nursing and health care professionals
|c Jeremy Jolley
|g xiv, 248p.
|
| 260 |
|
|
|b Routledge
|c 2020
|h New york
|i 702449
|i 702450
|l R853.I68
|m Biomedical research - methods
|m Evidence based practice
|m Research design
|
| 500 |
|
|
|a It includes index
|
| 942 |
|
|
|a lcc
|c BK
|e Adeyemo O.O
|f 27/05/2024
|
| 952 |
|
|
|0 0
|1 0
|2 lcc
|4 0
|6 R0853 I68
|7 0
|9 5161
|a HE
|b HOL
|c QZ
|d 2024-05-27
|l 0
|o R853.I68
|p 2024-0407
|r 2024-05-27 00:00:00
|t 702449
|w 2024-05-27
|y BK
|
| 952 |
|
|
|0 0
|1 0
|2 lcc
|4 0
|6 R0853 I68
|7 0
|9 5162
|a HOL
|b HOL
|c QZ
|d 2024-05-27
|l 0
|o R853.I68
|p 2024-0408
|r 2024-05-27 00:00:00
|t 702450
|w 2024-05-27
|y BK
|
| 999 |
|
|
|c 2564
|d 2564
|